Pramanik alekhan aur tippan (Record no. 7091)

MARC details
000 -LEADER
fixed length control field 00492cam a2200205ua 4500
001 - CONTROL NUMBER
control field 7977
005 - DATE AND TIME OF LATEST TRANSACTION
control field 20260515114257.0
008 - FIXED-LENGTH DATA ELEMENTS--GENERAL INFORMATION
fixed length control field 150110n ii |||gr||||Z||||||hin
020 ## - INTERNATIONAL STANDARD BOOK NUMBER
International Standard Book Number 9788170285731
040 ## - CATALOGING SOURCE
Transcribing agency MAIN
041 ## - LANGUAGE CODE
Language code of text/sound track or separate title hin
082 ## - DEWEY DECIMAL CLASSIFICATION NUMBER
Classification number 891.436
100 ## - MAIN ENTRY--PERSONAL NAME
Personal name Viraj,
Relator term Author.
245 ## - TITLE STATEMENT
Title Pramanik alekhan aur tippan
Statement of responsibility, etc. By Viraj
250 ## - EDITION STATEMENT
Edition statement 1st.
260 ## - PUBLICATION, DISTRIBUTION, ETC.
Place of publication, distribution, etc. New Delhi:
Name of publisher, distributor, etc. Rajpal,
Date of publication, distribution, etc. 2008.
300 ## - PHYSICAL DESCRIPTION
Extent 192p.
653 ## - INDEX TERM--UNCONTROLLED
Uncontrolled term East Indo-European & Celtic literatures
942 ## - ADDED ENTRY ELEMENTS (KOHA)
Koha item type Books
Holdings
Withdrawn status Lost status Damaged status Not for loan Home library Current library Shelving location Date acquired Total checkouts Full call number Barcode Date last seen Date last checked out Copy number Price effective from Koha item type
        Naharkatiya College Library Naharkatiya College Library General stacks 09/19/2020 1 891.436 | VIR 18793 04/03/2021 04/03/2021 1 09/19/2020 Books
        Naharkatiya College Library Naharkatiya College Library General stacks 09/19/2020   891.436 | VIR 6428 09/19/2020   2 09/19/2020 Books